| 000 | 00382nam a22001697a 4500 | ||
|---|---|---|---|
| 003 | SGT | ||
| 020 | _a9781319319365486 | ||
| 082 |
_a616.01 _bM21L |
||
| 100 | _aLODISH, HARVEY | ||
| 245 | _aMOLECULAR CELL BIOLOGY | ||
| 250 | _a9TH | ||
| 260 |
_aNEW YORK _bMACMILLAN PUB _c2021 |
||
| 300 | _a1184 | ||
| 650 | _aMICROBIOLOGY | ||
| 653 | _aMOLECULAR CELL BIOLOGY | ||
| 942 |
_2ddc _cBK |
||
| 999 |
_c22644 _d22644 |
||